000 00868nam a2200253Ia 4500
003 OSt
005 20220916110921.0
006 a|||||r|||| 00| 0
007 ta
008 220915b |||||||| |||| 00| 0 hin d
024 _a269409
037 _cTextbook
040 _bhin
_aARTS
_cARTS
041 _ahin
082 _aO15,1:g(S:44), 152K6(EPS)
100 _aशर्मा, दीपचन्द्र
245 0 _aसंस्कृत काव्य में शकुन
246 _aSanskṛut kāvya mean shakuna
260 _aमेरठ
_bसाहित्य भण्डार भारत
_c1966
300 _a288पण्
_ccm.
650 _aहिन्दी साहित्य
942 _hO15,1:g(S:44), 152K6(EPS)
_cTB
_2CC
999 _c101314
_d101314